000 00638nam a2200205 a 4500
001 62447
003 BD-RjUL
005 20211209081103.0
008 170124s1974 enka 000 0 eng d
035 _a(BD-RjUL)62573
040 _aBD-RjUL
_beng
_cBD-RjUL
_dBD-RjUL
041 _aeng
082 _223
_a420
_bPRO 1974
245 1 0 _aProject English :
_b integrated teaching units /
_cEd. by Arnold Leslie Lazarus
260 _aOxford :
_bOxford University Press,
_cc1974
300 _a120 p. ;
_c28 cm.
650 0 _aEnglish language
_vTextbooks for foreign speakers.
_9183548
700 _aLazarus, Arnold Leslie
_9185707
942 _2ddc
_cBK
999 _c62447
_d62447